Land values: the report of the proceedings of a colloquium held in London on March 13 and 14, 1965 under the auspices of the Acton Society Trust (Record no. 91402)

MARC details
000 -LEADER
fixed length control field 00562cam a2200181 4500
001 - CONTROL NUMBER
control field D5306
008 - FIXED-LENGTH DATA ELEMENTS--GENERAL INFORMATION
fixed length control field 090401t1965 xxu||||| |||| 00| 0 eng d
035 ## - SYSTEM CONTROL NUMBER
System control number (Sirsi) u43891
041 ## - LANGUAGE CODE
Language code of text/sound track or separate title eng
050 ## - LIBRARY OF CONGRESS CALL NUMBER
Classification number 333.333
245 ## - TITLE STATEMENT
Title Land values: the report of the proceedings of a colloquium held in London on March 13 and 14, 1965 under the auspices of the Acton Society Trust
260 ## - PUBLICATION, DISTRIBUTION, ETC.
Place of publication, distribution, etc. London
Name of publisher, distributor, etc. Sweet & Maxwell
Date of publication, distribution, etc. 1965
300 ## - PHYSICAL DESCRIPTION
Extent xix. 157p. 25cm
350 ## - PRICE (NR) (BK AM CF MU VM SE) [OBSOLETE]
Price 1.5
700 ## - ADDED ENTRY--PERSONAL NAME
Personal name Hall, Peter Geoffrey
Titles and other words associated with a name Sir
Dates associated with a name 1932-
International Standard Serial Number Editor
942 ## - ADDED ENTRY ELEMENTS (KOHA)
Suppress in OPAC 0
948 ## - LOCAL PROCESSING INFORMATION (OCLC); SERIES PART DESIGNATOR (RLIN)
c (OCLC) 04/03/1997
Holdings
Withdrawn status Lost status Source of classification or shelving scheme Damaged status Not for loan Home library Current library Shelving location Date acquired Cost, normal purchase price Total Checkouts Full call number Barcode Date last seen Date last checked out Copy number Cost, replacement price Price effective from Koha item type
    Dewey Decimal Classification     London London Books 14/09/1999 1.50 34 333.333 30002690 06/08/2019 13/04/2004 1 1.50 06/08/2019 Book